Statistics for F1 Winners: Ayrton Senna

Click here to take the quiz!

General Stats

  • This quiz has been taken 588 times
  • The average score is 38 of 41

Answer Stats

SeasonTeamGrand Prix% Correct
1993McLarenBrazil
97%
1991McLarenBrazil
97%
1987LotusMonaco
97%
1991McLarenMonaco
97%
1990McLarenMonaco
97%
1992McLarenMonaco
97%
1989McLarenMonaco
97%
1993McLarenMonaco
97%
1989McLarenSan Marino
97%
1991McLarenSan Marino
97%
1988McLarenSan Marino
97%
1990McLarenItaly
96%
1992McLarenItaly
96%
1990McLarenUnited States
95%
1991McLarenUnited States
95%
1988McLarenDetroit
94%
1987LotusDetroit
94%
1986LotusDetroit
94%
1988McLarenGreat Britain
94%
1993McLarenJapan
94%
1988McLarenJapan
94%
1988McLarenGermany
93%
1989McLarenGermany
93%
1990McLarenGermany
93%
1989McLarenSpain
93%
1986LotusSpain
93%
1991McLarenAustralia
91%
1993McLarenAustralia
91%
1990McLarenBelgium
90%
1991McLarenBelgium
90%
1985LotusBelgium
90%
1989McLarenBelgium
90%
1988McLarenBelgium
90%
1993McLarenEurope
90%
1990McLarenCanada
88%
1988McLarenCanada
88%
1985LotusPortugal
88%
1989McLarenMexico
83%
1991McLarenHungary
82%
1992McLarenHungary
82%
1988McLarenHungary
82%

Score Distribution

Percentile by Number Answered

Percent of People with Each Score

Your Score History

You have not taken this quiz